000 00892nas a2200277 4500
001 BR9801189
003 BR-BrBNA
005 20231205100927.0
007 ta
008 230509b bl.|||p| |||| 00| 00por d
040 _aBR-BrBNA
_bpor
_cBiblioteca Nacional de Agricultura
041 _a(Pt)
072 _aL73; L72
100 1 _aKlem, M.A.P.
100 1 _aRodrigues, A.C.
100 1 _aResende, A.M.L.
245 1 _aGasterofilose em equideos: infeccao natural por Gasterophilus nasalis L. (Diptera: Gasterophilidae)no Estado do Rio de Janeiro
650 _aEquino
650 _aGasterofilose
650 _aInfeccao
650 _aParasito de Animal
650 _aRio de Janeiro
773 0 _tRevista Brasileira de Parasitologia Veterinaria (Brazil)
_xISSN 0103-846X
_g(Feb 1997), v. 6(1) p. 61-67
_wBR9801189
909 _a202311
_bLúcia
_c55
_dLúcia Elande
942 _2AGRIS
_n0
_cANA
999 _c158829
_d158829